000 03267nam0a2200433 4500
001 RU\NLR\BIBL_A\022776329
005 20260623074700.0
010 _a978-5-6055160-2-6
_950
021 _aRU
_bКН-П-26-008610
_9КН-П-26-0821
035 _a(NLR Aleph) 022776329
090 _a13736947
_c13736947
100 _a20260406d2025 k y0rusy50 ca
101 0 _arus
_deng
102 _aRU
105 _aac z 110yy
181 0 _ai
_b xxe
182 0 _an
200 1 _aУголовное право, процесс и криминалистика: теория и проблемы практики в условиях современности
_eсборник статей
_e[материалы всероссийской научно-практической конференции, г. Сочи, 23–24 мая 2025 года]
_fВсероссийский государственный университет юстиции (РПА Минюста России), Сочинский филиал, Кафедра уголовного права и процесса
_gнаучные редакторы: Пильников Сергей Георгиевич, Кузнецов Алексей Александрович, кандидаты юридических наук, доценты
203 _aТекст
_bвизуальный
_cнепосредственный
210 _aСочи
_c[б. и.]
_aРостов-на-Дону
_cСпутник науки
_d2025
215 _a197, [1] с.
_cил., портр.
_d21
225 1 _aОт теории – к практике
300 _aРез. ст. англ.
300 _aПосвящ. 10-летию образования Соч. фил. ВГУЮ (РПА Минюста России)
320 _aБиблиогр. в конце ст. и в подстроч. примеч.
606 1 _aУголовное право
_jСъезды, совещания и т.п
_yРоссийская Федерация
_92158871
_3RU\NLR\AUTH\661299404
606 1 _aУголовный процесс
_jСъезды, совещания и т.п
_yРоссийская Федерация
_92078728
_3RU\NLR\AUTH\661254592
606 1 _aКриминалистика
_jСъезды, совещания и т.п
_yРоссийская Федерация
_92082870
_3RU\NLR\AUTH\661258910
686 1 _aХ628.1я431
686 1 _aХ629.3я431
686 1 _aХ629.4я431
702 1 _aПильников
_bС. Г.
_f1979-
_gСергей Георгиевич
_4340
711 1 2 _a"Уголовное право, процесс и криминалистика: теория и проблемы практики в условиях современности", всероссийская научно-практическая конференция
_eСочи
_f2025
_92705282
_3RU\NLR\AUTH\880641479
712 0 2 _4557
_aВсероссийский государственный университет юстиции
_bСочинский филиал
_bКафедра уголовного права и процесса
_92705283
_3RU\NLR\AUTH\880641480
942 _cBOOK
980 _aNB